01299 2200385 4500001002100000005001500021035002000036007000300056040001700059100003500076245012700111250001200238300004200250041000800292082000800300090002100308264003800329336002100367337003000388338002300418650001700441850001000458008004100468020001800509504002500527500001900552700018100571990002300752990002300775990002300798990002300821990002300844990002300867990002300890INLIS00000000000582120260424110300 a0010-0322000065ta aSBPUPADbind0 aInu Kencana SyafiieePengarang1 aSistem Pemerintahan Indonesia /cInu Kencana Syafiie, Kusworo, Alfia Fiagam, Hajar Aswad Dedeh Maryani, Ikoh, Yana Sahyana a.-Cet.2 axi, 186 hlm. :bilus. ;c14,5x20,5 cm0 aind a321 a338.1 HAS d 10-2 a.--Jakarta :bRineka Cipta,c2002 2rdacontentaTeks 2rdamediaaTanpa Perantara 2rdacarrieravolume 4aPemerintahan aPUPAD260424 0  a979-518-550-0 aBibliografi, hal 187 aProfil Penulis aPengarang Ke-2, Kusworo, Pengarang Ke-3, Alfia Fiagam, Pengarang Ke-4, Hajar Aswad, Pengarang Ke-5, Dedeh Maryani, Pengarang Ke-6, Ikoh, Pengarang Ke-7, Yana SahyanaePengarang a3071/BR/ARPUS/2007 a3072/BR/ARPUS/2007 a3068/BR/ARPUS/2007 a3071/BR/ARPUS/2007 a3072/BR/ARPUS/2007 a3071/BR/ARPUS/2007 a3072/BR/ARPUS/2007